000 00682cam a2200193 4500
001 WB3727-37
008 000000n2001 000 0 eng u
035 _a(Sirsi) u113579
245 _aGo-ahead for £13bn modernisation plan for Tube
260 _c2001
490 _aDTLR News Release
_v(311) 5 July 2001, (3)
520 _aThe Transport Secretary has announced a £13bn modernisation plan for London Underground. He has confirmed that the 21st Century Tube will be publicly run and privately built.
590 _aWB
650 _aLONDON UNDERGROUND
650 _aMODERNISATION
650 _aGOVERNMENT PROPOSALS
690 _aTRANSPORT AND COMMUNICATIONS
942 _n0
999 _c67670
_d67670